00756cam a2200217 a 450000100100000000500170001000800410002704000290006808200190009710000300011624500370014626000500018330000200023358600470025365000270030065000310032791000340035804900090039295201220040199900150052300000963420200929161642.0760322s1975 cu f000 0 spa  aDO-SdBNPbspacLCdBNPHU aA862.44bG618r1 aGoldenberg, Jorge.92449610aRelevo 1923 /cJorge Goldenberg. aLa Habana :bCasa de las Américas,c[1975]. a96 p. ;c20 cm. aPremio Casa de las Américas 1975 teatro. 4aTeatro argentino94843 4aLiteratura argentina93860 aCatalogación por copia / LC aBNGR 001052708MOaGRbGRcCTd2009-09-30iLF1l0oA862.44 G618rp9634-10r2020-06-25w2020-06-25y2ZPréstamo interno c9394d9394